Normal view
MARC view
Entry Personal Name
001 - CONTROL NUMBER
- control field: 1237156
003 - CONTROL NUMBER IDENTIFIER
- control field: OSt
005 - DATE AND TIME OF LATEST TRANSACTION
- control field: 20260430150327.0
008 - FIXED-LENGTH DATA ELEMENTS
- fixed length control field: 260430|| aca||aabn | a|a d
040 ## - CATALOGING SOURCE
- Original cataloging agency: OSt
- Transcribing agency: OSt
100 ## - HEADING--PERSONAL NAME
- Personal name: Sharma Aishwarye Au.; Sharma Arun K. Gu.; Khurana Paramjit Gu
670 ## - SOURCE DATA FOUND
- Source citation: Work cat.: (OSt)1849520: Sharma Aishwarye Au.; Sharma Arun K. Gu.; Khurana Paramjit Gu., Functional Analysis of OsATL53 in Lignin Biosynthesis and OsbZIP45 in Drought Tolerance in Rice, 2022
